00378nam a2200145Ia 4500008004100000020001500041041001200056082001100068100001600079245005800095250000800153260004900161300000800210650001400218221030s9999 xx 000 0 und d a8122417620 aEnglish a105.23 aD. S. Yadav 0aFoundations of Information Technologycby D. S. Yadav a3rd bNew Age International Pub.aNew Delhic2008 a463 aComputers